|
|
|
|
| LEADER |
01598cas a2200241 a 4500 |
| 001 |
AALejournalIMF005994 |
| 008 |
230101c9999 xx r poo 0 0eng d |
| 020 |
|
|
|c 5.00 USD
|
| 020 |
|
|
|z 9781451834802
|
| 022 |
|
|
|a 1934-7685
|
| 040 |
|
|
|a BD-DhAAL
|c BD-DhAAL
|
| 110 |
2 |
|
|a International Monetary Fund.
|
| 245 |
1 |
0 |
|a San Marino :
|b Recent Economic Developments.
|
| 264 |
|
1 |
|a Washington, D.C. :
|b International Monetary Fund,
|c 1996.
|
| 300 |
|
|
|a 1 online resource (90 pages)
|
| 490 |
1 |
|
|a IMF Staff Country Reports
|
| 500 |
|
|
|a <strong>Off-Campus Access:</strong> No User ID or Password Required
|
| 500 |
|
|
|a <strong>On-Campus Access:</strong> No User ID or Password Required
|
| 506 |
|
|
|a Electronic access restricted to authorized BRAC University faculty, staff and students
|
| 520 |
3 |
|
|a This paper reviews economic developments in San Marino during 1990-94. The country came through the 1992-93 European recession virtually unscathed and took full advantage of the following recovery. Like surrounding areas of Italy, Sammarinese manufacturing and tourism sectors benefited from the depreciation of the lira after September 1992. In addition, the financial sector boomed as political turmoil in Italy caused large capital inflows. In this environment, the unemployment rate-already well below the European average-dropped to 3.8 percent in December 1995.
|
| 538 |
|
|
|a Mode of access: Internet
|
| 830 |
|
0 |
|a IMF Staff Country Reports; Country Report ;
|v No. 1996/091
|
| 856 |
4 |
0 |
|z Full text available on IMF
|u http://elibrary.imf.org/view/journals/002/1996/091/002.1996.issue-091-en.xml
|z IMF e-Library
|